• 首页
  • 本馆介绍
  • 公告通知
  • 最新文献
  • 馆藏检索
  • 电子资源
  • 读者导购
  • 参考咨询
  • 我的图书馆
  • 登录
  • 详细信息显示
  • 放入我的书架
  • 预约/预借图书
  • 作者相关作品
  • 分类相关作品
  • 丛书相关作品
  • 出版社相关作品

书目信息

  • 表格格式
  • 工作单格式
  • 卡片格式
题名:
毛泽东诗词对联书法集观
    
 
作者: 刘汉民 , 舒欣 编著
分册:  
出版信息: 武汉   长江文艺出版社  1997.11
页数: 518页
开本: 21cm
丛书名:
单 册:
中图分类: A44
科图分类:
主题词: 毛主席诗词
电子资源:
ISBN: 7-5354-1547-4
000 00577nam0 2200205 45
001 9909221055
005 20040421145802.9
010    @a7-5354-1547-4@dCNY26.00
100    @a19990922d1997 km y0chiy0120 ea
101    @achi
105    @a z 000yy
200 1  @a毛泽东诗词对联书法集观@f刘汉民,舒欣编著@FLiu Han Min,Shu Xin Bian Zhu
210    @a武汉@c长江文艺出版社@d1997.11
215    @a518页@d21cm
606 0  @a毛主席诗词
690    @aA44@v1
701  0 @a刘汉民@4编著
701  0 @a舒欣@4编著
801    @aCN@bTSTC@c19990922
905    @dA44@e17@f3@b284310-312@b321467-489@f23
    
    毛泽东诗词对联书法集观/刘汉民,舒欣编著.-武汉:长江文艺出版社,1997.11
    518页;21cm
    
    
    ISBN 7-5354-1547-4:CNY26.00
    
●
相关链接 在E读中查询图书 在五车中查询图书 在当当中查询图书 在豆瓣中查询图书


正题名:毛泽东诗词对联书法集观     索取号:A44/17         预约/预借

序号 登录号 条形码 馆藏地/架位号 状态 备注
1 0284310   002843105   第一借阅区/ [索取号:A44/17] 在馆    
2 0284311   002843114   第一借阅区/ [索取号:A44/17] 在馆    
3 0284312   002843123   第一借阅区/ [索取号:A44/17] 在馆    
4 0284313   002843132   第一借阅区/ [索取号:A44/17] 在馆    
5 0284314   002843141   第一借阅区/ [索取号:A44/17] 在馆    
唐山师范学院图书馆 欢迎您!
大连网信软件有限公司© 版权所有